| 000 | 00538nam a2200193Ia 4500 | ||
|---|---|---|---|
| 003 | ARRUPE | ||
| 005 | 20150407165915.0 | ||
| 008 | 130303s9999 xx 000 0 und d | ||
| 040 | _cARRUPELIB | ||
| 050 |
_aBT77. _bS35 |
||
| 100 |
_aSheed, Frank. J _916596 |
||
| 245 | _aFaith comes by hearing | ||
| 245 | _bstudy outlines on speaking the Faith | ||
| 260 |
_aLondon _bSheed and Ward _c1967 |
||
| 300 |
_axi, 192p.; _c18cm. |
||
| 650 |
_916597 _aTheology, Doctoral _x|Popular |
||
| 700 |
_aF. J. Sheed _916599 |
||
| 942 |
_2lcc _cMONOGRAPH |
||
| 999 |
_c36950 _d36950 |
||